000 00592cam a2200205Ma 4500
001 40262
005 20230411085955.0
008 920303s1975 ch f 000 0 spa d
035 _a(OCoLC)ocm48292206
040 _aEL$
_bspa
_cEL$
_dOCLCQ
035 _a(OCoLC)48292206
084 _a342.5105
_bCh539c
049 _aGRAL
110 1 _aChina (República Popular, 1949).
_kConstitución.
245 1 0 _aConstitución de la República Popular China.
260 _aPekín :
_bEdiciones en Lenguas Extranjeras,
_c1975.
300 _a53 p. ;
_c18 cm.
942 _2lcc
_cbk
994 _aC0
_bDRFGD
999 _c110295
_d110295